000 01813nam0a2200313 4500
001 RU\NLR\bibl\381877
005 20260406120955.0
035 _a(NLR Aleph) 000376280
090 _a427162
_c427162
100 _a20030327d2003 |||y0rusy50 ca
101 0 _arus
102 _aRU
105 _ay |||||||||
200 1 _aПоказатели деятельности онкологической службы по Санкт-Петербургу и районам города в 2002 году
_e(Крат. обзор оператив. отчетности)
_fМ-во здравоохранения Рос. Федерации и др.
_gПод ред. проф. В.М. Мерабишвили
210 _aСПб.
_cБ.и.
_d2003
215 _a52 с.
_d21
300 _aВ надзаг. также: Ком. по здравоохранению Администрации Санкт-Петербурга, Мед. информ.-аналит. центр, Популяц. раковый регистр, НИИ онкологии им. проф. Н.Н. Петрова
300 _aНа обл.: Посвящ. 10-летию Популяц. ракового регистра Санкт-Петербурга
320 _aБиблиогр.: с. 50-51
606 1 _aОнкологическая помощь
_yСанкт-Петербург, город
_92366336
_3RU\NLR\AUTH\661412706
686 _aР11(2)285.6я28
702 1 _4340
_8rus
_7ca
_aМерабишвили
_bВ. М.
_f1941-
_gВахтанг Михайлович
_3RU\NLR\AUTH\7741232
_924182
712 0 2 _aПопуляционный раковый регистр
_cСанкт-Петербург
_3RU\NLR\AUTH\8813499
_9300001
801 0 _aRU
_bNLR
_c20030327
_gPSBO
801 1 _aRU
_bNLR
_c20030327
942 _cBOOK
980 _aNB